| 000 | 00604nac a22001331u 4500 | ||
|---|---|---|---|
| 008 | 090120s1974 xxu||||| |||| 00| 0 ara d | ||
| 082 |
_a341.249 _bغ ا ل |
||
| 245 |
_aالعلاقات الدولية : _bفي إطار منظمة الوحدة الأفريقية / _cتأليف بطرس بطرس غالي |
||
| 260 |
_aالقاهرة : _bمكتبة الأنجلو المصرية ،1974 _c1974. |
||
| 300 |
_a572 ص ؛ _c24 سم. |
||
| 504 | _aيحتوى على إرجاعات ببليوجرافية ص539-572 | ||
| 650 |
_aمنظمة الوحدة الأفريقية _921749 |
||
| 942 |
_cBB _k341.249 غ ا ل _2ddc |
||
| 999 |
_c6067 _d6067 |
||